Standard handbook of fastening and joining / (Record no. 61017)

000 -LEADER
fixed length control field 00874pam a2200277 i 4500
001 - CONTROL NUMBER
control field 1745934
003 - CONTROL NUMBER IDENTIFIER
control field NUST-PNEC
005 - DATE AND TIME OF LATEST TRANSACTION
control field 20170116180712.0
008 - FIXED-LENGTH DATA ELEMENTS--GENERAL INFORMATION
fixed length control field 751230s1977 nyua b 001 0 eng
010 ## - LIBRARY OF CONGRESS CONTROL NUMBER
LC control number 75045399
020 ## - INTERNATIONAL STANDARD BOOK NUMBER
International Standard Book Number 0070485119
040 ## - CATALOGING SOURCE
Transcribing agency PNEC
050 00 - LIBRARY OF CONGRESS CALL NUMBER
Classification number TJ1320
Item number .S74
082 00 - DEWEY DECIMAL CLASSIFICATION NUMBER
Classification number 621.88 PAR
100 ## - MAIN ENTRY--PERSONAL NAME
9 (RLIN) 597
Personal name Parmley, Robert O.
245 00 - TITLE STATEMENT
Title Standard handbook of fastening and joining /
Statement of responsibility, etc. Robert O. Parmley, editor-in-chief.
260 ## - PUBLICATION, DISTRIBUTION, ETC.
Place of publication, distribution, etc. New York :
Name of publisher, distributor, etc. McGraw-Hill,
Date of publication, distribution, etc. c1977.
300 ## - PHYSICAL DESCRIPTION
Extent ca. 650 p. in various pagings :
Other physical details ill. ;
Dimensions 24 cm.
504 ## - BIBLIOGRAPHY, ETC. NOTE
Bibliography, etc. note Includes bibliographical references and index.
650 #0 - SUBJECT ADDED ENTRY--TOPICAL TERM
Topical term or geographic name entry element Fasteners
General subdivision Handbooks, manuals, etc.
650 #0 - SUBJECT ADDED ENTRY--TOPICAL TERM
Topical term or geographic name entry element Joints (Engineering)
General subdivision Handbooks, manuals, etc.
690 ## - LOCAL SUBJECT ADDED ENTRY--TOPICAL TERM (OCLC, RLIN)
General subdivision ME
700 1# - ADDED ENTRY--PERSONAL NAME
Personal name Parmley, Robert O.
906 ## - LOCAL DATA ELEMENT F, LDF (RLIN)
a 7
b cbc
c orignew
d 1
e ocip
f 19
g y-gencatlg
942 ## - ADDED ENTRY ELEMENTS (KOHA)
Source of classification or shelving scheme
Koha item type Book
Holdings
Withdrawn status Lost status Source of classification or shelving scheme Damaged status Not for loan Permanent Location Current Location Shelving location Date acquired Source of acquisition Cost, normal purchase price Total Checkouts Full call number Barcode Date last seen Cost, replacement price Price effective from Koha item type
          Pakistan Navy Engineering College (PNEC) Pakistan Navy Engineering College (PNEC) Reference 05/29/1985 Progressive international Agency 1028.70   621.88 PAR PNECLIB-006429 10/14/2014 1028.70 05/29/1985 Book
© 2023 Central Library, National University of Sciences and Technology. All Rights Reserved.